000 00497cam a2200193ua 4500
020 _c65.00
041 _aeng
_h
082 _a627.52
_bPAL/HY
100 _aPalaniappan, T K .
245 _aHydraulics and irrigation engineering /
_cT K Palaniappan.
_hTextual Documents
250 _a3 /
_b.
260 _aCoimbatore :
_bPratheeba Publishers ,
_c1995.
300 _a293 ; .
365 _a65.00
504 _a
700 1 _aMarimuthu, V M .
942 _cBK
999 _c10119
_d10119